00965cam a22002651 450000100060000000300080000600500170001400800390003102000150007003500190008504000230010404100080012708200210013510000400015624500890019626000540028530000210033950000410036050000960040150400190049760000380051665000610055470000570061583000270067218430BD-RjUL20211209000301.0140220r1923 miu b 001 0 eng a0403030587 a(BD-RjUL)18488 aDLCcDLCdDLCbeng aeng00a822.33bNEF 19231 aNeilson, William Allan,d1869-1946.14aThe facts about Shakespeare /cby William Allan Neilson and Ashley Horace Thorndike. aSt. Clair Shores, Mich. :bScholarly Presscc1913 a273 p. ;c18 cm. aCataloging based on CIP information. aReprint of the 1915 ed. published by Macmillan, New York, in series: The Tudor Shakespeare. aincludes index10aShakespeare, William,d1564-1616. 0aDramatists, EnglishyEarly modern, 1500-1700xBiography.1 aThorndike, Ashley Horace,d1871-1933,ejoint author. 4aThe Tudor Shakespeare.